Corpo humano real e fascinante (Record no. 60839)

MARC details
000 -LÍDER
campo de controle de tamanho fixo 00351 a2200145 4500
001 - NÚMERO DE CONTROLE
campo de controle 60839
020 ## - ISBN - INTERNATIONAL STANDARD BOOK NUMBER
ISBN - International Standard Book Number 9053495290
040 ## - FONTE DA CATALOGAÇÃO
Instituição que transcreveu o registro Anchieta - Pituba
240 10 - TÍTULO UNIFORME
Título uniforme Corpo humano real e fascinante
Idioma da obra por
245 10 - TÍTULO
Título Corpo humano real e fascinante
300 ## - DESCRIÇÃO FÍSICA
Extensão 55
362 0# - DATAS DE PUBLICAÇÃO E/OU DESIGNAÇÃO SEQUENCIAL
Datas de publicação e/ou designação sequencial 2007
650 #4 - ASSUNTO--TERMO TÓPICO
Cabeçalho tópico ou nome geográfico Fisiologia humana (função), Corpo Humano
942 ## - ELEMENTOS DE ENTRADA ADICIONADOS (KOHA)
Tipo de material Koha Livros
Holdings
Situação do descarte Situação das perdas Situação física Não pode ser emprestado Biblioteca de origem Biblioteca atual Data de aquisição Total de empréstimos Número de chamada completo Código de barras Data de último acesso Data do preço efetivo Tipo de material Koha
        Colégio Anchieta - Pituba Colégio Anchieta - Pituba 21/11/2023   612 C822c COR 12613/PIT 21/11/2023 21/11/2023 Livros
        Colégio Anchieta - Pituba Colégio Anchieta - Pituba 21/11/2023   612 C822c COR 12614/PIT 21/11/2023 21/11/2023 Livros
        Colégio Anchieta - Pituba Colégio Anchieta - Pituba 21/11/2023   612 C822c COR 12615/PIT 21/11/2023 21/11/2023 Livros